Artes visuales, educación artística: programa de estudio, octavo año básico NB6

Uloženo v:
Podrobná bibliografie
Korporativní autor: Ministerio de Educación (Autor)
Médium: Kniha
Jazyk:španělština
Vydáno: Santiago Ministerio de Educación 2001
Edice:Educación Básica, 8
Témata:
Tagy: Přidat tag
Žádné tagy, Buďte první, kdo vytvoří štítek k tomuto záznamu!

MARC

LEADER 00000nam a2200000 a 4500
001 UCM2192
003 CL-VaPUC
008 020425e20010000CL |||||||||||||||||spa|d
020 |a 9567933855 
082 0 4 |a 372.5  |b MIN  |2 21 
110 2 |a Ministerio de Educación  |e author  |9 468960 
245 1 0 |a Artes visuales, educación artística: programa de estudio, octavo año básico NB6 
300 |a 109 p 
942 |c BK 
945 |d 20020425 00:00:00  |a cmena 
260 |a Santiago  |b Ministerio de Educación  |c 2001 
650 0 |a Educación artística  |9 269035 
650 0 |a Educación básica   |9 224933 
650 0 |a Programas de educación  |9 339040 
583 |a last modification  |c 20140401 07:20:08  |k Rodrigo Vera 
490 0 |a Educación Básica, 8 
999 |c 300167  |d 300165 
952 |0 0  |1 0  |4 0  |6 372_500000000000000_MIN_2001  |7 0  |8 R  |9 357593  |a BIBEDU  |b BIBEDU  |d 2019-11-21  |i 3810798  |o 372.5 MIN 2001  |p 3810798  |r 2019-11-21  |w 2019-11-21  |y BK_R  |k BME 
952 |0 0  |1 0  |4 0  |6 372_500000000000000_MIN_2001  |7 0  |8 R  |9 357594  |a BIBEDU  |b BIBEDU  |d 2019-11-21  |i 3810844  |o 372.5 MIN 2001  |p 3810844  |r 2019-11-21  |w 2019-11-21  |y BK_R  |k BME 
952 |0 0  |1 0  |4 0  |6 372_500000000000000_MIN_2001  |7 0  |8 R  |9 357595  |a BIBEDU  |b BIBEDU  |d 2019-11-21  |i 3810852  |o 372.5 MIN 2001  |p 3810852  |r 2019-11-21  |w 2019-11-21  |y BK_R  |k BME 
952 |0 0  |1 0  |4 0  |6 372_500000000000000_MIN_2001  |7 0  |8 R  |9 357596  |a BIBEDU  |b BIBEDU  |d 2019-11-21  |i 3810860  |o 372.5 MIN 2001  |p 3810860  |r 2019-11-21  |w 2019-11-21  |y BK_R  |k BME 
952 |0 0  |1 0  |4 0  |6 372_500000000000000_MIN_2001  |7 0  |8 R  |9 357597  |a BIBEDU  |b BIBEDU  |d 2019-11-21  |i 3810879  |o 372.5 MIN 2001  |p 3810879  |r 2019-11-21  |w 2019-11-21  |y BK_R  |k BME 
952 |0 0  |1 0  |4 0  |6 372_500000000000000_MIN_2001  |7 0  |8 R  |9 357598  |a BIBEDU  |b BIBEDU  |d 2019-11-21  |i 4277589  |o 372.5 MIN 2001  |p 4277589  |r 2019-11-21  |w 2019-11-21  |y BK_R  |k EBA